| 000 | 00370nam a2200133Ia 4500 | ||
|---|---|---|---|
| 008 | 231017s9999 xx 000 0 und d | ||
| 082 | _a625.84 | ||
| 082 | _bPOR | ||
| 245 | 0 | _aStructural Design of Roller-Compacted Concrete for Industrial Pavements | |
| 245 | 0 | _cPortland Cement Association | |
| 260 | _bPortland Cement Association | ||
| 300 | _c30cm | ||
| 942 | _cREP | ||
| 999 |
_c604827 _d604827 |
||